| 000 | 01191 a2200241 4500 | ||
|---|---|---|---|
| 003 | Nust | ||
| 005 | 20220804123801.0 | ||
| 010 | _a 2005045218 | ||
| 020 | _a0121197921 (alk. paper) | ||
| 040 | _cNust | ||
| 082 | 0 | 0 | _a621.367,HAN |
| 245 | 0 | 0 |
_aHandbook of image and video processing / _ceditor, Al Bovik. |
| 246 | 3 | 0 | _aImage and video processing |
| 250 | _a2nd ed. | ||
| 260 |
_aAmsterdam ; _aBoston, MA : _bElsevier Academic Press, _c2005. |
||
| 300 |
_axvi, 1372 p. : _bill. 28 cm. |
||
| 505 | _aIntroduction (Page-1), Basic Image Processing Techniques (Page-3), Image and Video Processing (Page-99), Image Compression (Page-643), Video Compression (Page-777), Image and Video Acquisition (Page-895), Image and Video Rendering and Assessment (Page-925), Image and Video Storage Retrieval and Communication (Page-993), Application of images Processing (Page-1131), | ||
| 650 | 0 | _aTelecommunication Engineering. | |
| 700 | 1 |
_aBovik, Alan C. _d1958- _996530 |
|
| 856 | 4 | 2 |
_3Publisher description _uhttp://www.loc.gov/catdir/enhancements/fy0624/2005045218-d.html |
| 856 | 4 | 2 |
_3Table of contents only _uhttp://www.loc.gov/catdir/enhancements/fy0624/2005045218-t.html |
| 942 |
_cREF _2ddc |
||
| 999 |
_c175643 _d175643 |
||